000 01324nam a2200361 a 4500
001 000110842
003 CHAP
005 20220329144148.0
008 141009s1995 mx 000 0 spa d
010 _a107304
011 _a108276
040 _cCHAP
082 0 4 _a631.09137236
_bR42
245 0 0 _aReporte del viaje de estudios de agricultura regional III, realizado en el ejido Sta. Rita, municipio de Manzanillo colima del (10 al 19 de nobiembre de 1995) /
_ccoordinado por Rogelio Zamora Murrieta.
260 _aChapingo, Méx. :
_bUACH. Departamento de Preparatoria Agrícola,
_c1995.
300 _a54 h.
590 _aBATCH-UPD
_b05
_c20141009
_lUCH01
_h1402
590 _aE11695DGD
_b10
_c20141010
_lUCH01
_h1121
590 _aE5995AHE
_b05
_c20141009
_lUCH01
_h1401
590 _aE5995AHE
_b05
_c20141009
_lUCH01
_h1425
590 _aE5995AHE
_b05
_c20141009
_lUCH01
_h1426
590 _aE5995AHE
_b05
_c20141009
_lUCH01
_h1426
650 1 4 _aAgricultura
_xAspectos económicos
_xColima.
_91230
650 1 4 _aCultivos tropicales.
_930383
650 1 4 _aCultivos y clima.
_930392
650 1 4 _aFruta
_xTrópicos.
_943663
650 1 4 _aProductos agrícolas.
_991896
651 4 _aColima
_xViajes de estudio.
_9128605
700 0 _aZamora Murrieta, Rogelio
_ecoord.
_9123528
901 _aBK
942 _cLIBRO
942 _n0
999 _c107304
_d107304